Production Technology (Record no. 4113)

MARC details
000 -LEADER
fixed length control field 00339nam a2200145Ia 4500
008 - FIXED-LENGTH DATA ELEMENTS--GENERAL INFORMATION
fixed length control field 191201s2012 xx 000 0 und d
082 ## - DEWEY DECIMAL CLASSIFICATION NUMBER
Classification number 670
Item number JAP
100 ## - MAIN ENTRY--PERSONAL NAME
Personal name Jain, R K
245 #0 - TITLE STATEMENT
Title Production Technology
250 ## - EDITION STATEMENT
Edition statement 17th
260 ## - PUBLICATION, DISTRIBUTION, ETC. (IMPRINT)
Place of publication, distribution, etc N.Delhi
Name of publisher, distributor, etc Khanna Publisher
Date of publication, distribution, etc 2012
300 ## - PHYSICAL DESCRIPTION
Extent 1090
650 ## - SUBJECT ADDED ENTRY--TOPICAL TERM
Topical term or geographic name as entry element B.Tech(ME)
942 ## - ADDED ENTRY ELEMENTS (KOHA)
Source of classification or shelving scheme Dewey Decimal Classification
Koha item type Text Books
942 ## - ADDED ENTRY ELEMENTS (KOHA)
-- 1
Holdings
Withdrawn status Lost status Source of classification or shelving scheme Damaged status Not for loan Collection code Home library Current library Date acquired Source of acquisition Cost, normal purchase price Bill Number Total Checkouts Full call number Acc. no. / Barcode Date last seen Bill Date Koha item type Date last borrowed
    Dewey Decimal Classification     B.Tech(ME) PIET C-LIBRARY PIET C-LIBRARY 24/09/2009 J B C, New Delhi 435.00 SI-2669   670 JAP 13680 04/12/2019 03/09/2009 Text Books  
    Dewey Decimal Classification     B.Tech(ME) PIET C-LIBRARY PIET C-LIBRARY 24/09/2009 J B C, New Delhi 435.00 SI-2669   670 JAP 13681 04/12/2019 03/09/2009 Text Books  
    Dewey Decimal Classification     B.Tech(ME) PIET C-LIBRARY PIET C-LIBRARY 24/09/2009 J B C, New Delhi 435.00 SI-2669   670 JAP 13682 04/12/2019 03/09/2009 Text Books  
    Dewey Decimal Classification     B.Tech(ME) PIET C-LIBRARY PIET C-LIBRARY 24/09/2009 J B C, New Delhi 435.00 SI-2669   670 JAP 13683 04/12/2019 03/09/2009 Text Books  
    Dewey Decimal Classification     B.Tech(ME) PIET C-LIBRARY PIET C-LIBRARY 24/09/2009 J B C, New Delhi 435.00 SI-2669 1 670 JAP 13684 08/01/2021 03/09/2009 Text Books 18/08/2020

Design & Developed by: PIET Central Library
R70 Miles Stone Pattikalyana Samalkha Panipat 132102
mail ID :- [email protected], Phone No:- 0180-2569700 Ex.216